[Event "FRA-ch op-A"]
[Site "Albi"]
[Date "2022.08.16"]
[Round "4"]
[White "Breuil, Tristan"]
[Black "Laronche, Thomas"]
[Result "1-0"]
[WhiteElo "2101"]
[BlackElo "2129"]
[PlyCount "88"]
[EventDate "2022.08.13"]
[EventType "swiss"]
[EventRounds "9"]
[EventCountry "FRA"]
[SourceTitle "CBM 210 Extra"]
[Source "ChessBase"]
[SourceDate "2022.11.30"]
[SourceVersion "1"]
[SourceVersionDate "2022.11.30"]
[SourceQuality "1"]

1. e4 c6 2. d4 g6 3. Nc3 Bg7 4. Be3 d5 5. h3 dxe4 6. Nxe4 Bf5 7. Ng3 Nf6 8. Nxf5 gxf5 9. c3 Nbd7 10. Bd3 e6 11. Ne2 Nd5 12. Qd2 Nxe3 13. fxe3 Qg5 14. e4 Qxd2+ 15. Kxd2 fxe4 16. Bxe4 h5 17. Kc2 Ke7 18. Rhf1 Nf6 19. Bf3 Nd5 20. Bxd5 cxd5 21. Rf3 Bh6 22. g3 Rag8 23. a4 Rg6 24. Raf1 Rh7 25. a5 Bg5 26. b3 Rg8 27. Kd3 f5 28. h4 Bh6 29. c4 Rd8 30. c5 a6 31. Ra1 Rg7 32. Ra4 Kd7 33. Rb4 Kc7 34. Rb6 Re8 35. Nc3 Rg4 36. Nxd5+ exd5 37. Rxh6 Ree4 38. Rxh5 Rxd4+ 39. Kc3 f4 40. Kxd4 fxg3+ 41. Kxd5 g2 42. Rf7+ Kb8 43. Rh8+ Ka7 44. Rff8 Rd4+ 1-0

[Event "FRA-ch op-A"]
[Site "Albi"]
[Date "2022.08.15"]
[Round "3"]
[White "Laronche, Thomas"]
[Black "Amoyal, Pierre"]
[Result "1-0"]
[WhiteElo "2129"]
[BlackElo "2100"]
[PlyCount "97"]
[EventDate "2022.08.13"]
[EventType "swiss"]
[EventRounds "9"]
[EventCountry "FRA"]
[SourceTitle "CBM 210 Extra"]
[Source "ChessBase"]
[SourceDate "2022.11.30"]
[SourceVersion "1"]
[SourceVersionDate "2022.11.30"]
[SourceQuality "1"]

1. b4 Nf6 2. Bb2 e6 3. b5 a6 4. a4 axb5 5. axb5 Rxa1 6. Bxa1 d5 7. e3 c5 8. bxc6 bxc6 9. Nf3 Be7 10. Be2 0-0 11. 0-0 c5 12. c4 Nc6 13. Ne5 Nxe5 14. Bxe5 Nd7 15. Bc3 Bf6 16. cxd5 exd5 17. Bxf6 Nxf6 18. Qc2 c4 19. Nc3 Be6 20. Nb5 Qb6 21. Nd4 Rb8 22. Ra1 g6 23. h3 Bd7 24. d3 cxd3 25. Bxd3 Kg7 26. Qc3 Qb2 27. Qa5 Rc8 28. Rb1 Rc1+ 29. Rxc1 Qxc1+ 30. Kh2 Qb2 31. Qe1 h5 32. Kg1 Ne8 33. Be2 Nf6 34. Bf3 g5 35. Be2 g4 36. h4 Ne4 37. g3 Nd2 38. Bd3 Ba4 39. Kg2 Qc3 40. Be2 Qb2 41. Bd3 Qc3 42. Bf5 Kf6 43. Qe2 Qc1 44. Qa6+ Ke5 45. Bd3 Nf3 46. Bf1 Nd2 47. Be2 Bd1 48. Qh6 Bxe2 49. Qf4# 1-0

[Event "FRA-ch U20"]
[Site "Hyeres"]
[Date "2019.04.18"]
[Round "6"]
[White "Philippe, Guillaume"]
[Black "Laronche, Thomas"]
[Result "1-0"]
[WhiteElo "2352"]
[BlackElo "2107"]
[PlyCount "75"]
[EventDate "2019.04.14"]
[EventType "swiss"]
[EventRounds "9"]
[EventCountry "FRA"]
[SourceTitle "CBM 190 Extra"]
[Source "ChessBase"]
[SourceDate "2019.07.15"]
[SourceVersion "1"]
[SourceVersionDate "2019.07.15"]
[SourceQuality "1"]

1. e4 Nf6 2. e5 Nd5 3. d4 d6 4. c4 Nb6 5. f4 dxe5 6. fxe5 Nc6 7. Be3 Bf5 8. Nc3 e6 9. Nf3 Be7 10. Be2 0-0 11. 0-0 f6 12. exf6 Bxf6 13. Qd2 Bg4 14. Rad1 Bxf3 15. Rxf3 e5 16. d5 Nd4 17. Rh3 Nxe2+ 18. Qxe2 Bg5 19. c5 Nc8 20. Qh5 Bxe3+ 21. Rxe3 Ne7 22. Qxe5 Ng6 23. Qg3 Qd7 24. h3 Rad8 25. Rde1 b6 26. c6 Qc8 27. Re6 Rf7 28. R1e4 Rdf8 29. Kh2 Qd8 30. d6 cxd6 31. Rxd6 Qc8 32. Nd5 Rd8 33. Rxd8+ Qxd8 34. c7 Qc8 35. Qd6 Rf8 36. Ne7+ Nxe7 37. Rxe7 Qf5 38. Rd7 1-0

[Event "FRA-ch U20"]
[Site "Hyeres"]
[Date "2019.04.16"]
[Round "4"]
[White "Laronche, Thomas"]
[Black "Pigeat, Alexandre"]
[Result "0-1"]
[WhiteElo "2107"]
[BlackElo "2347"]
[PlyCount "98"]
[EventDate "2019.04.14"]
[EventType "swiss"]
[EventRounds "9"]
[EventCountry "FRA"]
[SourceTitle "CBM 190 Extra"]
[Source "ChessBase"]
[SourceDate "2019.07.15"]
[SourceVersion "1"]
[SourceVersionDate "2019.07.15"]
[SourceQuality "1"]

1. Nf3 Nf6 2. g3 d6 3. d4 Bf5 4. Bg2 Qc8 5. c4 c6 6. Nc3 Bh3 7. Bxh3 Qxh3 8. e4 h6 9. Qe2 Nfd7 10. Be3 e5 11. 0-0-0 Be7 12. Nh4 g6 13. Nf3 Qe6 14. d5 Qf6 15. Ne1 c5 16. Nd3 a6 17. f4 Qg7 18. fxe5 dxe5 19. Qf2 b6 20. g4 0-0 21. h4 b5 22. b3 bxc4 23. bxc4 Nb6 24. Bxc5 Bxc5 25. Qxc5 N8d7 26. Qd6 Rfd8 27. Nb2 Rac8 28. Rh2 Nxc4 29. Nxc4 Rxc4 30. Rc2 Qf6 31. Qxf6 Nxf6 32. g5 Nxe4 33. Nxe4 Rxe4 34. d6 hxg5 35. hxg5 Rg4 36. Rc6 Rxg5 37. Rxa6 e4 38. Rd4 Re5 39. Kd2 Re6 40. Ke3 f5 41. Rd5 Rd7 42. Rc6 Kf7 43. a4 Kf6 44. a5 g5 45. a6 f4+ 46. Ke2 g4 47. Rb6 e3 48. Rb7 f3+ 49. Ke1 e2 0-1

[Event "Vaujany op 9th"]
[Site "Vaujany"]
[Date "2018.07.13"]
[Round "2"]
[White "Womacka, Mathias"]
[Black "Laronche, Thomas"]
[Result "1-0"]
[WhiteElo "2444"]
[BlackElo "2164"]
[PlyCount "41"]
[EventDate "2018.07.12"]
[EventType "swiss"]
[EventRounds "9"]
[EventCountry "FRA"]
[SourceTitle "EXT 2019"]
[Source "ChessBase"]
[SourceDate "2018.10.10"]
[SourceVersion "1"]
[SourceVersionDate "2018.10.10"]
[SourceQuality "1"]

1. e4 c5 2. Nf3 a6 3. c4 Nc6 4. d4 cxd4 5. Nxd4 e5 6. Nf5 d5 7. cxd5 Bxf5 8. exf5 Nd4 9. Bd3 Nf6 10. 0-0 Nxd5 11. Nc3 Bc5 12. Be4 Nb4 13. Bxb7 Ra7 14. Qa4+ Kf8 15. Be4 Qh4 16. Be3 g6 17. f6 a5 18. a3 Na6 19. g3 Qh3 20. Qxa5 Qc8 21. Na4 1-0

[Event "FRA-ch U20"]
[Site "Agen"]
[Date "2018.04.20"]
[Round "7"]
[White "Pigeat, Alexandre"]
[Black "Laronche, Thomas"]
[Result "1-0"]
[WhiteElo "2275"]
[BlackElo "2137"]
[PlyCount "111"]
[EventDate "2018.04.15"]
[EventType "swiss"]
[EventRounds "9"]
[EventCountry "FRA"]
[SourceTitle "CBM 184 Extra"]
[Source "ChessBase"]
[SourceDate "2018.06.28"]
[SourceVersion "1"]
[SourceVersionDate "2018.06.28"]
[SourceQuality "1"]

1. d4 Nf6 2. c4 e6 3. Nc3 Bb4 4. e3 Nc6 5. Nge2 e5 6. a3 Bxc3+ 7. Nxc3 exd4 8. exd4 d5 9. Bg5 dxc4 10. Qe2+ Kf8 11. Ne4 h6 12. Bxf6 gxf6 13. Rd1 Bf5 14. f3 Kg7 15. Qe3 Qd5 16. Kf2 Rae8 17. Nc3 Rxe3 18. Nxd5 Rb3 19. Rd2 Bd3 20. Bxd3 cxd3 21. Rc1 Rd8 22. Ne3 Kg6 23. d5 Ne7 24. Rc5 a6 25. h4 b6 26. Rc4 Nxd5 27. h5+ Kxh5 28. Nf5 Kg6 29. Nd4 Rb5 30. Nxb5 axb5 31. Rc6 Re8 32. Rxd3 Nf4 33. Rd2 Ne6 34. g4 b4 35. axb4 f5 36. gxf5+ Kxf5 37. Rd7 Rf8 38. b5 Ke5 39. Ke3 Kf5 40. Rd5+ Kf6 41. Rd7 Kf5 42. Rc1 Kf6 43. Rh1 Kg5 44. Rd5+ Kg6 45. f4 f5 46. Rd7 Rh8 47. Rc1 h5 48. Rc6 Re8 49. Rdxc7 h4 50. Kf3 h3 51. Rxb6 h2 52. Rc1 Kh5 53. Rd6 Nxf4 54. Kxf4 Re2 55. Rh1 Rxb2 56. b6 1-0

[Event "Vaujany op 5th"]
[Site "Vaujany"]
[Date "2014.07.15"]
[Round "6.9"]
[White "Lorenter, Patrick"]
[Black "Laronche, Thomas"]
[Result "1-0"]
[WhiteElo "1536"]
[BlackElo "1574"]
[PlyCount "72"]
[EventDate "2014.07.10"]
[EventType "swiss"]
[EventRounds "9"]
[EventCountry "FRA"]
[SourceTitle "EXT 2017"]
[Source "ChessBase"]
[SourceDate "2016.10.25"]
[SourceVersion "1"]
[SourceVersionDate "2016.10.25"]
[SourceQuality "1"]

1. e4 c6 2. d4 d5 3. e5 Bf5 4. h4 h6 5. g4 Bg6 6. h5 Bh7 7. e6 fxe6 8. Bd3 Bxd3 9. Qxd3 Qd6 10. Nf3 Nd7 11. Qg6+ Kd8 12. Nh4 e5 13. dxe5 Qxe5+ 14. Kf1 Qf6 15. Nc3 Ne5 16. Qxf6 Nxf6 17. f3 Rg8 18. Bf4 Nc4 19. b3 Nb6 20. Rh2 d4 21. Rd1 c5 22. Re2 Nbd5 23. Nxd5 Nxd5 24. Bd2 Kc7 25. Re6 Rd8 26. Nf5 Kd7 27. Rde1 Ne3+ 28. Bxe3 Kxe6 29. Bxd4+ Kf7 30. Bxc5 e6 31. Bxf8 Rgxf8 32. Ne3 Rd2 33. a4 Kg8 34. Nc4 Rxf3+ 35. Kg1 Rxc2 36. Rxe6 Rxb3 1-0

[Event "La Rosiere op"]
[Site "Bourg Saint Maurice"]
[Date "2013.08.31"]
[Round "7"]
[White "Laronche, Thomas"]
[Black "Desfonds, Sylvie"]
[Result "1-0"]
[WhiteElo "1448"]
[BlackElo "1726"]
[PlyCount "75"]
[EventDate "2013.08.25"]
[EventType "swiss"]
[EventRounds "7"]
[EventCountry "FRA"]
[SourceTitle "EXT 2015"]
[Source "ChessBase"]
[SourceDate "2014.11.20"]
[SourceVersion "1"]
[SourceVersionDate "2014.11.20"]
[SourceQuality "1"]

1. e4 c5 2. Nf3 e6 3. b3 Nc6 4. Bb2 a6 5. c4 d6 6. Nc3 Nf6 7. d4 cxd4 8. Nxd4 Bd7 9. g3 g6 10. Bg2 Bg7 11. Nce2 e5 12. Nc2 Qc7 13. 0-0 0-0 14. Rc1 b5 15. Ne3 Bh6 16. Rc2 Nb4 17. Rd2 Bg4 18. Ba3 a5 19. h3 Bxe2 20. Qxe2 bxc4 21. bxc4 Qc6 22. Rfd1 Rad8 23. Bxb4 axb4 24. Rb2 Bxe3 25. fxe3 Nxe4 26. Qd3 f5 27. Rxb4 Ra8 28. Qb3 Kh8 29. Rb1 Rac8 30. a4 g5 31. Qd3 Nc5 32. Bxc6 Nxd3 33. Rb6 e4 34. Bd5 Rf6 35. a5 Ne5 36. Rb8 Rff8 37. Rxc8 Rxc8 38. a6 1-0